| 000 | 01193cab a22002055a 4500 | ||
|---|---|---|---|
| 001 | L145355 | ||
| 008 | 081001e20080927xxko f 000 0 eng d | ||
| 035 | _a(Sirsi) u145355 | ||
| 041 | 0 | _aeng | |
| 100 | 1 | _aLay, Richard | |
| 245 | 0 | 0 | _aLay's line on the RICS |
| 260 | _c2008 | ||
| 490 |
_aEstates Gazette _v(0838) 27 September 2008, 132-134(3) |
||
| 520 | _aIn this article, the author of the Agenda for Change report addresses the effect that it has had upon the chartered surveying profession in the decade since it was published. It begins by introducing the background to the report, the consultation process and the merging of the RICS with the Incorporated Society of Valuers and Auctioneers (ISVA). Areas listed where the profession has matured since his report include increasing internationalisation; education and the organisation of specialisms, and the promotion of the profession. He also discusses the benefits of local networks and the improved abilities of the RICS in influencing government policy, particularly in the residential property market. | ||
| 590 | _aKA | ||
| 650 | 2 | 4 | _aAGENDA FOR CHANGE |
| 651 | 4 |
_aUnited Kingdom _y |
|
| 690 | _aABOUT RICS | ||
| 942 | _n0 | ||
| 999 |
_c80793 _d80793 |
||